| 000 | 00724nam a2200241Ia 4500 | ||
|---|---|---|---|
| 003 | OSt | ||
| 005 | 20221006155331.0 | ||
| 006 | a|||||r|||| 00| 0 | ||
| 007 | ta | ||
| 008 | 221006b |||||||| |||| 00| 0 eng d | ||
| 024 | _a41,673 | ||
| 037 | _cSeries Articles | ||
| 040 |
_aEASL _cEASL _beng |
||
| 041 |
_2eng _aeng |
||
| 100 |
_aMookherjee Nayanika _9339013 |
||
| 245 | 0 |
_aAbsent piece of skin _bGendered,racialized and territorialinscription of sexual violence during the Bangladesh war |
|
| 260 |
_aCambridge _bCambridge University Press UK _c2012 |
||
| 300 |
_a1572-1601 _ccm. |
||
| 490 | _v46 | ||
| 650 | _aAsian Studies | ||
| 942 |
_cREF _2CC |
||
| 999 |
_c1109759 _d1109759 |
||